| 000 | 00996nac a22002411u 4500 | ||
|---|---|---|---|
| 008 | 100922t xxu||||| |||| 00| 0 eng d | ||
| 010 | _a 93034243 | ||
| 020 | _a0534939600 | ||
| 082 | 0 | 0 |
_a621.319 _bGLO |
| 100 |
_aGlover, J. Duncan. _919810 |
||
| 245 | 1 | 0 |
_aPower system analysis and design / _cJ. Duncan Glover, Mulukutla Sarma. |
| 250 | _a2nd ed. | ||
| 260 |
_aBoston : _bPWS Pub.,1994 _cc1994. |
||
| 300 |
_axix, 583 p. : _bill. ; _c25 cm. |
||
| 490 |
_919809 _aThe PWS Series in Engineering |
||
| 504 | _aIncludes bibliographical references and index. | ||
| 650 | 0 |
_aElectric power systems _xDesign and construction _xData processing. _919811 |
|
| 650 | 0 |
_aMicrocomputers. _919812 |
|
| 650 | 0 |
_aElectric circuit analysis. _919813 |
|
| 700 | 1 |
_aSarma, Mulukutla S., _d1938- _919814 |
|
| 942 |
_cBB _k621.319GLO _2ddc |
||
| 999 |
_c4418 _d4418 |
||